| 000 | 00947nam a22002537a 4500 | ||
|---|---|---|---|
| 999 |
_c14092 _d14092 |
||
| 003 | AR-CdUCM | ||
| 008 | 190422b ||||| |||| 00| 0 spa d | ||
| 040 |
_aMUNICIPALIDAD PROVINCIAL DEL CUSCO _cBIBLIOTECA MUNICIPAL DEL CUSCO |
||
| 041 | _hpor | ||
| 082 |
_aES / 868.9 / _bM84 _26ed. |
||
| 100 |
_aMonteiro Lobato, José Bento _932736 |
||
| 245 | _aAventuras de Hans Staden / | ||
| 260 |
_aBuenos Aires : _bLosada, _c1958. |
||
| 300 |
_a136 páginas ; _bIlustraciones, _c20 cm. |
||
| 440 |
_n6 _910774 |
||
| 505 | _aContenido: ¿Quien era Hans Staden? -- La rebelión de los indios -- La vuelta a Lisboa -- El segundo viaje -- Reconocimiento de la tierra -- El naufragio ... | ||
| 650 |
_aLiteratura brasilera _913828 |
||
| 650 |
_aCuentos infantiles brasileños _932737 |
||
| 650 |
_aCuentos Historicos _925576 |
||
| 650 |
_aSiglo XX _98 |
||
| 700 |
_aDe Sosa, M. J. (traductor) _932762 |
||
| 942 |
_2ddc _cLIBROS |
||
| 945 |
_acmm _d2019-04-22 |
||